US project disputes (Record no. 111784)

MARC details
000 -LEADER
fixed length control field 01150cad a22002415a 4500
001 - CONTROL NUMBER
control field L151994
008 - FIXED-LENGTH DATA ELEMENTS--GENERAL INFORMATION
fixed length control field 110120s2010 xxk f 000 0 eng d
035 ## - SYSTEM CONTROL NUMBER
System control number (Sirsi) u151994
041 0# - LANGUAGE CODE
Language code of text/sound track or separate title eng
050 04 - LIBRARY OF CONGRESS CALL NUMBER
Classification number 347.4109 $2 18
100 1# - MAIN ENTRY--PERSONAL NAME
Personal name Jaffe, Michael Evan
245 00 - TITLE STATEMENT
Title US project disputes
Remainder of title has the time to consider adjudication finally arrived?
Medium [electronic resource]
260 ## - PUBLICATION, DISTRIBUTION, ETC.
Place of publication, distribution, etc. New York
Name of publisher, distributor, etc. Pillsbury $2 010
520 ## - SUMMARY, ETC.
Summary, etc. Considers whether a contractual form of adjudication might be workable in the existing United States legal structure; alternative dispute resolution (ADR); adjudication in the United Kingdom; dispute review boards (DRB).
590 ## - LOCAL NOTE (RLIN)
Local note KA NTK
651 #4 - SUBJECT ADDED ENTRY--GEOGRAPHIC NAME
Geographic name United States
Chronological subdivision 1959-
651 #4 - SUBJECT ADDED ENTRY--GEOGRAPHIC NAME
Geographic name United Kingdom
Chronological subdivision
690 ## - LOCAL SUBJECT ADDED ENTRY--TOPICAL TERM (OCLC, RLIN)
Topical term or geographic name as entry element MANAGEMENT-DISPUTE AVOIDANCE, MANAGEMENT AND RESOLUTION-DISPUTE MANAGEMENT AND RESOLUTION-ALTERNATIVE DISPUTE RESOLUTION-ADJUDICATION
700 1# - ADDED ENTRY--PERSONAL NAME
Personal name McHugh, Ronan J
710 1# - ADDED ENTRY--CORPORATE NAME
Corporate name or jurisdiction name as entry element Pillsbury Winthrop Shaw Pittman LLP
856 40 - ELECTRONIC LOCATION AND ACCESS
Uniform Resource Identifier <a href="https://www.pillsburylaw.com/siteFiles/Publications/9EC20BBC1D479A2D0826D5C956690FF4.pdf">https://www.pillsburylaw.com/siteFiles/Publications/9EC20BBC1D479A2D0826D5C956690FF4.pdf</a>
Public note View this item free of charge at www.pillsburylaw.com
942 ## - ADDED ENTRY ELEMENTS (KOHA)
Suppress in OPAC 0
Holdings
Withdrawn status Lost status Source of classification or shelving scheme Damaged status Not for loan Home library Current library Shelving location Date acquired Total Checkouts Full call number Barcode Date last seen Copy number Price effective from Koha item type
    Dewey Decimal Classification     Virtual Virtual Online 20/01/2011   ONLINE PUBLICATION 151994-1001 06/08/2019 1 06/08/2019 Book